000 00633cab a2200205 4500
001 ABS43232
008 090401t1990 xxu||||| |||| 00| 0 eng d
035 _a(Sirsi) u40958
041 _aeng
100 _aRidout, G.
245 _aPatent lather
260 _c1990
350 _a0
490 _aBuilding
_v255(7660) 10 August 1990, 39(1)
520 _aUnderlines the different copyright laws in Europe an countries with the tale of Titon and the Belgian firm Renson and their dispute over the copyright of a window trickle ventilator .
650 _aINDUSTRIAL DESIGN
690 _aLAW
942 _n0
948 _c04/03/1997
999 _c26273
_d26273